00320nam a2200121Ia 4500003000400000008004100004020002500045040000800070100002400078245004600102260004000148300001000188LDD181101s9999 xx 000 0 und d a9788175815012c64.00 cLDD aKhan, Rasheed Hasan 0aMasnavi Seherul BayancRasheed Hasan Khan aNew DelhibMaktaba Jamia Ltd.c2011 a208p.